000 00441nam a2200181Ia 4500
005 20240823034350.0
008 240823s9999||||xx |||||||||||||| ||und||
041 _aENGLISH
082 _A005.133 M8 TUR
100 _a"Townsend,Carl"
245 0 _aIntroduction to Turbo Prolog
250 _a1st
260 _c1988
_b"BPB,New Delhi"
500 _aTRANSFERED
650 _aProlog
_bComputer Applications
942 _cBK
999 _c198075
_d198075